000 00683nam a2200157 4500
999 _c16385
_d16385
008 220203b ||||| |||| 00| 0 eng d
022 _a0893-8989
082 _aDPer 363.205 P75 Sept 2013-May 2016 v. 37 & 40, n. 9-11/1-5
100 _aClinton, Paul.
_943828
245 _aGaining traction:
_bbeginning with the 2015 model year, each of the big three Detroit automakers will be offering an all-whele-drive pursuit-rated vehicle/
_cPaul Clinton.
260 _aCalifornia:
_bBobit Business Media,
_c©Sept 2013-May 2016.
300 _av37 n11, pages 30-32;
_billustrations:
_c27 cm.
500 _aPolice: the law enforcement.
650 _aPolice
_xVehicles.
_943851
942 _2ddc
_cPER